LEADER 03026oam 2200625I 450 001 9910458784903321 005 20200520144314.0 010 $a0-429-90891-1 010 $a0-429-48414-3 010 $a1-282-90059-5 010 $a9786612900594 010 $a1-84940-301-5 024 7 $a10.4324/9780429484148 035 $a(CKB)2670000000055622 035 $a(EBL)690279 035 $a(OCoLC)726747566 035 $a(SSID)ssj0000487998 035 $a(PQKBManifestationID)12223447 035 $a(PQKBTitleCode)TC0000487998 035 $a(PQKBWorkID)10446753 035 $a(PQKB)10725223 035 $a(MiAaPQ)EBC690279 035 $a(Au-PeEL)EBL690279 035 $a(CaPaEBR)ebr10428136 035 $a(CaONFJC)MIL290059 035 $a(EXLCZ)992670000000055622 100 $a20180706h20182000 uy 0 101 0 $aeng 135 $aur|n|---||||| 181 $ctxt 182 $cc 183 $acr 200 10$aTradition, change, creativity $erepercussions of the new diaspora on aspects of British psychoanalysis /$fby Riccardo Steiner 205 $aFirst edition. 210 1$aBoca Raton, FL :$cRoutledge, an imprint of Taylor and Francis,$d[2018]. 210 4$dİ2000 215 $a1 online resource (376 p.) 300 $aDescription based upon print version of record. 311 $a0-367-32934-4 311 $a1-85575-251-4 320 $aIncludes bibliographical references and index. 327 $apt. 1. Tradition and change -- pt. 2. Issues emerging from the Freud-Klein controversies : Vienna/London -- pt. 3. Cultural context and applied psychoanalysis. 330 3 $aA companion volume to It is a New Kind of Diaspora. Taking up where that book leaves off, it traces some of the consequences of the emigration of German and Austrian psychoanalysts to London, particularly in the context of the British Psycho-Analytical Society's "Controversial Discussions".The first part of the book, "Tradition and Change" traces some general issues related to the Discussions, in particular drawing on documentary sources from the Archives of the British Psycho-Analytical Society. The second part focuses on one crucial issue in the Discussions - the differing interpretations formulated about the psychic life of babies during the first six months of life. Throughout this section, and the rest of the book, Dr Steiner constantly stresses the larger social and political contexts within which psychoanalysis exists. The last part examines the legacy of the Discussions in the work of one of the most distinguished Kleinian analysts, Hanna Segal, and in particular her work on creativity and aesthetics. 606 $aPsychoanalysis$zGreat Britain 608 $aElectronic books. 615 0$aPsychoanalysis 676 $a150.195 676 $a150.1950941 700 $aSteiner$b Riccardo$0161209 801 0$bFlBoTFG 801 1$bFlBoTFG 906 $aBOOK 912 $a9910458784903321 996 $aTradition, change, creativity$91899769 997 $aUNINA